| 000 | 00578nam a2200205Ia 4500 | ||
|---|---|---|---|
| 008 | 140626s9999 xx 000 0 und d | ||
| 100 | _aLiu. | ||
| 245 | 2 |
_aA programming course including C# and MATLAB for mechanical engineering students / _cLiu. |
|
| 260 | _cc2011. | ||
| 300 | _a2 : 3, page 106 | ||
| 440 | _aComputers in Education Journal | ||
| 521 | _aIT | ||
| 650 | _aC#. | ||
| 650 | _aGraphical user interface. | ||
| 650 | _aMatlab. | ||
| 650 | _aMechanical engineering. | ||
| 650 | _aProgramming language. | ||
| 650 | _aSoftware engineering. | ||
| 942 | _cSE | ||
| 999 |
_c120926 _d120926 |
||